[Event "Manitoba-ch Senior"]
[Site "Winnipeg CAN"]
[Date "2019.10.22"]
[Round "4.1"]
[White "Boron, Anthony"]
[Black "Melnyk, Jim"]
[Result "1-0"]
[WhiteElo "1984"]
[BlackElo "1671"]
[PlyCount "113"]
[EventDate "2019.10.01"]
[EventType "swiss"]
[EventRounds "5"]
[EventCountry "CAN"]

1. b3 Nf6 2. Bb2 d6 3. e3 e5 4. Ne2 Be7 5. d4 Nbd7 6. Ng3 exd4 7. Bxd4 Ne5 8.
Nd2 O-O 9. Nc4 Nc6 10. Bb2 Re8 11. Bd3 Nb4 12. Be2 Bd7 13. a3 Nc6 14. Bd3 Bf8
15. O-O Ne5 16. Be2 Ng6 17. Bf3 Rb8 18. a4 Be6 19. Qe2 d5 20. Rad1 c6 21. Ne5
Nxe5 22. Bxe5 Bd6 23. Bxd6 Qxd6 24. Ne4 Nxe4 25. Bxe4 Qe5 26. Bd3 Bf5 27. Qf3
Be4 28. Bxe4 Qxe4 29. Qxe4 Rxe4 30. Rd3 Rbe8 31. Rfd1 h6 32. Rd4 f5 33. g3 g5
34. Kg2 R8e7 35. R1d3 Kf7 36. Rxe4 Rxe4 37. f3 Re7 38. Kf2 Kf6 39. Rd4 Re6 40.
a5 b5 41. b4 a6 42. h4 Kg6 43. g4 fxg4 44. Rxg4 Kf5 45. hxg5 hxg5 46. Rd4 Re5
47. Rd1 Re6 48. Rh1 Rg6 49. Rh8 c5 50. Rb8 cxb4 51. Rb6 g4 52. Rxg6 Kxg6 53.
fxg4 Kf6 54. Kg3 Ke5 55. g5 Kf5 56. Kh4 Kg6 57. Kg4 1-0

[Event "Manitoba-ch Senior"]
[Site "Winnipeg CAN"]
[Date "2019.10.22"]
[Round "4.2"]
[White "Czypinski, Jaroslaw"]
[Black "Annakkage, Udaya"]
[Result "1-0"]
[WhiteElo "1972"]
[BlackElo "1818"]
[Annotator "wspe"]
[PlyCount "35"]
[EventDate "2019.10.01"]
[EventType "swiss"]
[EventRounds "5"]
[EventCountry "CAN"]

1. Nf3 c5 2. e4 d6 3. Bb5+ Bd7 4. Bxd7+ Qxd7 5. O-O Nf6 6. e5 dxe5 7. Nxe5 Qc7
8. d4 cxd4 9. Qxd4 Qxc2 10. Na3 Qc8 11. Bg5 Nc6 12. Qa4 Nd7 13. Nxd7 Qxd7 14.
Rfd1 Qc7 15. Nb5 Qc8 16. Bf4 e5 17. Bxe5 Nxe5 18. Nd6+ 1-0

[Event "Manitoba-ch Senior"]
[Site "Winnipeg CAN"]
[Date "2019.10.22"]
[Round "4.3"]
[White "Magyar, Peter"]
[Black "Reimer, Bruce"]
[Result "1-0"]
[WhiteElo "1468"]
[BlackElo "1545"]
[PlyCount "97"]
[EventDate "2019.10.01"]
[EventType "swiss"]
[EventRounds "5"]
[EventCountry "CAN"]

1. d4 g6 2. Bf4 Bg7 3. e3 d6 4. Nf3 a6 5. Be2 b5 6. Nbd2 Bb7 7. c3 Nf6 8. h3
Nbd7 9. O-O c5 10. c4 bxc4 11. Bxc4 O-O 12. Nb3 cxd4 13. exd4 Ne4 14. Nbd2 Nb6
15. Bd3 Nxd2 16. Nxd2 Bxd4 17. Rb1 Bg7 18. Be4 Bxe4 19. Nxe4 Nc4 20. b3 Ne5 21.
h4 Qa5 22. a4 Qb4 23. Re1 f5 24. Bd2 Qd4 25. Ng5 Ng4 26. Rf1 Qb6 27. Ne6 Bf6
28. Nxf8 Rxf8 29. Bg5 Bd4 30. b4 e6 31. Qe2 Be5 32. a5 Qa7 33. Qc4 Re8 34. Rbc1
Bd4 35. Qc6 Bxf2+ 36. Kh1 Qb8 37. Bf4 Bxh4 38. Bxd6 Qa8 39. Qxa8 Rxa8 40. Rc7
Rd8 41. Be7 Bxe7 42. Rxe7 e5 43. g3 Rd3 44. Rc1 Rd8 45. Kg1 e4 46. Rcc7 e3 47.
Rg7+ Kf8 48. Rxh7 e2 49. Rh8# 1-0

[Event "Manitoba-ch Senior"]
[Site "Winnipeg CAN"]
[Date "2019.10.22"]
[Round "4.4"]
[White "Remillard, John"]
[Black "Czarny, Keith"]
[Result "1-0"]
[WhiteElo "1541"]
[BlackElo "1651"]
[PlyCount "111"]
[EventDate "2019.10.01"]
[EventType "swiss"]
[EventRounds "5"]
[EventCountry "CAN"]

1. Nf3 Nc6 2. c4 g6 3. e4 d6 4. d4 Bg7 5. Be2 Nf6 6. Nc3 O-O 7. O-O Bg4 8. Be3
Nd7 9. h3 Bxf3 10. Bxf3 e5 11. d5 Nd4 12. b4 Nxf3+ 13. Qxf3 f5 14. Qd1 fxe4 15.
Nxe4 a6 16. a4 Qe8 17. Qc2 Nf6 18. f3 Qd7 19. Ra2 Nxe4 20. Qxe4 Qf5 21. c5 Qxe4
22. fxe4 Rxf1+ 23. Kxf1 Bf8 24. a5 c6 25. Rd2 dxc5 26. bxc5 cxd5 27. Rxd5 Be7
28. Rd7 Rf8+ 29. Ke2 Bd8 30. Bd2 Bh4 31. Be3 Bd8 32. Rxb7 Bxa5 33. c6 Rc8 34.
Bb6 Bb4 35. Rc7 Rb8 36. Ba7 Rd8 37. Rd7 Rc8 38. c7 Ba5 39. Bb8 Bb6 40. Kd3 a5
41. Kc4 a4 42. Kb4 Bxc7 43. Bxc7 a3 44. Kxa3 h6 45. Rd8+ Rxd8 46. Bxd8 Kf7 47.
Kb4 Ke6 48. Kc5 Kd7 49. Ba5 h5 50. Kd5 g5 51. Kxe5 g4 52. hxg4 hxg4 53. Bb4 g3
54. Kf6 Ke8 55. e5 Kd7 56. Kf7 1-0

[Event "Manitoba-ch Senior"]
[Site "Winnipeg CAN"]
[Date "2019.10.22"]
[Round "4.5"]
[White "Motkaluk, Ed"]
[Black "Gannon, Keith"]
[Result "0-1"]
[WhiteElo "1400"]
[BlackElo "1534"]
[Annotator "wspe"]
[PlyCount "30"]
[EventDate "2019.10.01"]
[EventType "swiss"]
[EventRounds "5"]
[EventCountry "CAN"]

1. d4 d5 2. e4 dxe4 3. Bf4 e6 4. Nc3 Nf6 5. Nb5 Nd5 6. Bg3 a6 7. Na3 Nc6 8. c4
Bb4+ 9. Ke2 Nde7 10. c5 Nxd4+ 11. Ke3 Nef5+ 12. Kxe4 Qd5+ 13. Kf4 e5+ 14. Kg4
Ne3+ 15. Kh4 Qe4+ 0-1

[Event "Manitoba-ch Senior"]
[Site "Winnipeg CAN"]
[Date "2019.10.30"]
[Round "5.1"]
[White "Magyar, Peter"]
[Black "Boron, Anthony"]
[Result "0-1"]
[WhiteElo "1468"]
[BlackElo "1984"]
[PlyCount "62"]
[EventDate "2019.10.01"]
[EventType "swiss"]
[EventRounds "5"]
[EventCountry "CAN"]

1. d4 d6 2. Bf4 g6 3. Nf3 Bg7 4. e3 Nd7 5. Be2 e5 6. dxe5 dxe5 7. Bg3 Ne7 8. e4
O-O 9. b4 a6 10. O-O Nc6 11. c3 Qe7 12. Nbd2 Rd8 13. a3 Nb6 14. Qc2 Bg4 15. Bh4
Bf6 16. Bxf6 Qxf6 17. h3 Be6 18. Nh2 Bxh3 19. Rad1 Be6 20. Qc1 Qf4 21. g3 Qg5
22. Nhf3 Qf6 23. Kg2 Rd7 24. Rh1 Rad8 25. Rh6 Bg4 26. Rdh1 Rxd2 27. R1h4 Bxf3+
28. Bxf3 R8d3 29. Be2 Rxe2 30. Rf4 exf4 31. gxf4 Rdd2 0-1

[Event "Manitoba-ch Senior"]
[Site "Winnipeg CAN"]
[Date "2019.10.29"]
[Round "5.2"]
[White "Melnyk, Jim"]
[Black "Czypinski, Jaroslaw"]
[Result "0-1"]
[WhiteElo "1671"]
[BlackElo "1972"]
[PlyCount "88"]
[EventDate "2019.10.01"]
[EventType "swiss"]
[EventRounds "5"]
[EventCountry "CAN"]

1. e4 d5 2. exd5 Nf6 3. d4 e6 4. Bb5+ c6 5. Be2 cxd5 6. Nf3 Nc6 7. O-O Bd6 8.
b3 Bd7 9. Ba3 Qe7 10. Bxd6 Qxd6 11. Nbd2 Ne4 12. c4 Nc3 13. Qe1 Nxe2+ 14. Qxe2
O-O 15. cxd5 Qxd5 16. Qe4 Ne7 17. Qxd5 Nxd5 18. Rac1 Rac8 19. Ne4 Rxc1 20. Rxc1
Bc6 21. Nfd2 Rd8 22. a3 Nf4 23. Rc4 Ne2+ 24. Kh1 Nxd4 25. h3 Kf8 26. b4 Ke7 27.
Nc5 e5 28. Ndb3 Nxb3 29. Nxb3 Rd3 30. Nc5 Rxh3+ 31. Kg1 Rxa3 32. Nxb7 Bxb7 33.
Rc7+ Ke6 34. Rxb7 a6 35. Ra7 Ra4 36. b5 axb5 37. Rb7 b4 38. g3 h5 39. Kg2 g5
40. Rb5 Kf5 41. Rb7 f6 42. Rb5 h4 43. Kh3 g4+ 44. Kg2 h3+ 0-1

[Event "Manitoba-ch Senior"]
[Site "Winnipeg CAN"]
[Date "2019.10.29"]
[Round "5.3"]
[White "Gannon, Keith"]
[Black "Remillard, John"]
[Result "0-1"]
[WhiteElo "1534"]
[BlackElo "1541"]
[PlyCount "54"]
[EventDate "2019.10.01"]
[EventType "swiss"]
[EventRounds "5"]
[EventCountry "CAN"]

1. e4 e6 2. Nf3 b6 3. d4 Bb7 4. Bd3 c5 5. c3 d5 6. exd5 Bxd5 7. Bb5+ Bc6 8.
Bxc6+ Nxc6 9. Qa4 Qd7 10. Ne5 Nxe5 11. Qxd7+ Nxd7 12. O-O Ngf6 13. Be3 cxd4 14.
Bxd4 Be7 15. Nd2 O-O 16. Rfe1 Rfd8 17. Rad1 Nc5 18. b4 Nd3 19. Re3 Nf4 20. a3
Rac8 21. Be5 N6d5 22. Ree1 Nd3 23. Rf1 Nxe5 24. c4 Nxc4 25. Nxc4 Rxc4 26. Rc1
Rdc8 27. Rxc4 Rxc4 0-1

[Event "Manitoba-ch Senior"]
[Site "Winnipeg CAN"]
[Date "2019.10.29"]
[Round "5.4"]
[White "Annakkage, Udaya"]
[Black "Reimer, Bruce"]
[Result "1-0"]
[WhiteElo "1818"]
[BlackElo "1545"]
[PlyCount "79"]
[EventDate "2019.10.01"]
[EventType "swiss"]
[EventRounds "5"]
[EventCountry "CAN"]

1. e4 g6 2. Bc4 Bg7 3. Nf3 e6 4. O-O a6 5. c3 b5 6. Bb3 Bb7 7. d3 d6 8. Be3 Nd7
9. Nbd2 b4 10. d4 bxc3 11. bxc3 Ngf6 12. Bc2 O-O 13. Rb1 Rb8 14. Re1 c5 15. h3
Qa5 16. Nc4 Qc7 17. Ncd2 cxd4 18. cxd4 Rfc8 19. Rc1 Qd8 20. Bf4 Nb6 21. Bd3
Rxc1 22. Qxc1 Rc8 23. Qb1 h6 24. Bg3 Ba8 25. Bh4 Qc7 26. Bg3 Ne8 27. Bf4 a5 28.
Nf1 g5 29. Be3 Nf6 30. Ng3 a4 31. Rc1 Qb7 32. Bc2 a3 33. e5 dxe5 34. dxe5 Nfd7
35. Bxb6 Nxb6 36. Nh5 Bxe5 37. Bh7+ Kh8 38. Rxc8+ Qxc8 39. Nxe5 Qc3 40. Nxf7#
1-0

[Event "Mario Desautels mem."]
[Site "Gatineau CAN"]
[Date "2019.11.26"]
[Round "1"]
[White "Bastien, Andre"]
[Black "Rioux, Jocelyn"]
[Result "1-0"]
[WhiteElo "1761"]
[BlackElo "1620"]
[PlyCount "63"]
[EventDate "2019.12.17"]
[EventType "swiss"]
[EventRounds "5"]
[EventCountry "CAN"]

1. d4 e6 2. c4 Nf6 3. Nc3 d5 4. Nf3 c6 5. e3 Be7 6. Bd3 dxc4 7. Bxc4 b5 8. Bd3
O-O 9. O-O Nbd7 10. Qc2 h6 11. e4 a6 12. Rd1 Bb7 13. Qe2 Rc8 14. e5 Nd5 15. Qe4
f5 16. exf6 N7xf6 17. Qxe6+ Kh8 18. Ne5 g5 19. Nxd5 Qxd5 20. Ng6+ Kg7 21. Qxe7+
Rf7 22. Qe5 Qd7 23. Bf5 Qe8 24. Bxc8 Qxc8 25. Ne7 Qd7 26. Nf5+ Kg6 27. Ne3 Ng4
28. Qe4+ Kh5 29. Qxg4+ Qxg4 30. Nxg4 Kxg4 31. Re1 Rd7 32. Be3 1-0

[Event "Mario Desautels mem."]
[Site "Gatineau CAN"]
[Date "2019.11.26"]
[Round "1"]
[White "Desjardins, Michel"]
[Black "Latreille, Etienne"]
[Result "1-0"]
[WhiteElo "1908"]
[BlackElo "1751"]
[PlyCount "55"]
[EventDate "2019.12.17"]
[EventType "swiss"]
[EventRounds "5"]
[EventCountry "CAN"]

1. e4 c5 2. c3 e5 3. Bc4 Nf6 4. Qb3 Qe7 5. Nf3 Nxe4 6. Bd5 Nd6 7. O-O Nc6 8.
Re1 Kd8 9. d4 cxd4 10. cxd4 e4 11. Nc3 f6 12. Bf4 h6 13. Nh4 Qe8 14. Bxd6 Bxd6
15. Nf5 Bxh2+ 16. Kf1 Qf8 17. Bxe4 g6 18. Nh4 Nxd4 19. Qa4 Qc5 20. Rad1 Ne6 21.
Bxb7 Qb6 22. Bxc8 Nc5 23. Qg4 f5 24. Qd4 Rh7 25. Nf3 Bc7 26. Bxd7 Nxd7 27. Qd5
Qa6+ 28. Kg1 1-0

[Event "Mario Desautels mem."]
[Site "Gatineau CAN"]
[Date "2019.11.26"]
[Round "1"]
[White "Jobin, Gilles G"]
[Black "Raymond, Daniel"]
[Result "0-1"]
[WhiteElo "1715"]
[BlackElo "1858"]
[PlyCount "48"]
[EventDate "2019.12.17"]
[EventType "swiss"]
[EventRounds "5"]
[EventCountry "CAN"]

1. e4 c5 2. c3 d5 3. exd5 Qxd5 4. d4 Nf6 5. Nf3 e6 6. Be3 cxd4 7. Nxd4 a6 8.
Nd2 Be7 9. Be2 e5 10. N4f3 Nc6 11. Bc4 Qd8 12. Qc2 O-O 13. Rd1 Qc7 14. h3 b5
15. Bd3 Bb7 16. Ng5 h6 17. Nge4 Na5 18. Nxf6+ Bxf6 19. Ne4 Be7 20. O-O f5 21.
Ng5 Bxg5 22. Bxg5 e4 23. Be3 exd3 24. Rxd3 Be4 0-1

[Event "Mario Desautels mem."]
[Site "Gatineau CAN"]
[Date "2019.11.26"]
[Round "1"]
[White "Labelle, Raymond"]
[Black "Dupont-Mageau, Nicolas"]
[Result "0-1"]
[WhiteElo "1601"]
[BlackElo "1599"]
[PlyCount "30"]
[EventDate "2019.12.17"]
[EventType "swiss"]
[EventRounds "5"]
[EventCountry "CAN"]

1. e4 e5 2. Nf3 Nc6 3. Nc3 Bc5 4. d3 Nge7 5. Bg5 f6 6. Bd2 d5 7. exd5 Nxd5 8.
Ne4 Bb6 9. c4 Ndb4 10. Bxb4 Nxb4 11. a3 Na6 12. b4 c5 13. b5 Nc7 14. a4 Ba5+
15. Nfd2 Ne6 0-1

[Event "Mario Desautels mem."]
[Site "Gatineau CAN"]
[Date "2019.11.26"]
[Round "1"]
[White "Villeneuve, Denis"]
[Black "Arcand, Pierre"]
[Result "0-1"]
[WhiteElo "1465"]
[BlackElo "1153"]
[PlyCount "92"]
[EventDate "2019.12.17"]
[EventType "swiss"]
[EventRounds "5"]
[EventCountry "CAN"]

1. e4 e5 2. Nf3 Nc6 3. Bc4 h6 4. c3 d6 5. h3 Nf6 6. d3 Be7 7. O-O O-O 8. Re1
Na5 9. Bb5 Bd7 10. Ba4 Bxa4 11. Qxa4 b6 12. d4 exd4 13. cxd4 Qe8 14. Qc2 c5 15.
e5 dxe5 16. dxe5 Nd7 17. Nc3 Qd8 18. Bf4 Re8 19. Rad1 Qc8 20. e6 fxe6 21. Rxe6
Nf8 22. Ree1 Bf6 23. Nb5 Rxe1+ 24. Rxe1 Qc6 25. Nd6 Rd8 26. Nf5 Re8 27. Qd1 Qd7
28. Qc2 Qc6 29. Rd1 Qe4 30. Qxe4 Rxe4 31. Bb8 Nc6 32. Bd6 Bxb2 33. Rd2 Bf6 34.
Ne3 Nd4 35. Bxf8 Kxf8 36. Nxd4 Rxd4 37. Rc2 g6 38. g3 Ke7 39. Kg2 Kd6 40. f4
Kc6 41. Kf3 Kb5 42. Re2 Rd3 43. Ke4 Rd4+ 44. Kf3 c4 45. Rc2 Rd3 46. Rxc4 Rxe3+
0-1

[Event "Mario Desautels mem."]
[Site "Gatineau CAN"]
[Date "2019.11.26"]
[Round "1"]
[White "Zhao, Richie"]
[Black "Lecorre, Joel"]
[Result "0-1"]
[WhiteElo "1271"]
[BlackElo "1512"]
[PlyCount "70"]
[EventDate "2019.12.17"]
[EventType "swiss"]
[EventRounds "5"]
[EventCountry "CAN"]

1. e4 d5 2. exd5 Qxd5 3. Nc3 Qd8 4. d4 Nf6 5. Nf3 Bg4 6. Be2 e6 7. Bg5 h6 8.
Bh4 c6 9. Ne4 Nbd7 10. h3 Bxf3 11. Bxf3 Be7 12. Nxf6+ Nxf6 13. O-O Nd5 14. Bg3
Bd6 15. Bxd6 Qxd6 16. c4 Nf6 17. Re1 O-O 18. Re5 Rad8 19. Ra5 a6 20. d5 cxd5
21. cxd5 b5 22. dxe6 Qxe6 23. Qb3 Qb6 24. Ra4 Rd2 25. Rf1 Rfd8 26. Rb4 R8d3 27.
Qxd3 Rxd3 28. Rc1 Rd2 29. Rf1 a5 30. Rb3 a4 31. Rc3 Rxb2 32. Bd1 Rxa2 33. Bc2
g6 34. Re1 b4 35. Bxg6 Qxf2+ 0-1

[Event "Mario Desautels mem."]
[Site "Gatineau CAN"]
[Date "2019.12.03"]
[Round "2"]
[White "Latreille, Etienne"]
[Black "Labelle, Raymond"]
[Result "1-0"]
[WhiteElo "1751"]
[BlackElo "1601"]
[PlyCount "87"]
[EventDate "2019.12.17"]
[EventType "swiss"]
[EventRounds "5"]
[EventCountry "CAN"]

1. d4 d5 2. Nc3 Nf6 3. Bf4 e6 4. e3 Bd6 5. Qf3 Bxf4 6. Qxf4 O-O 7. O-O-O Nbd7
8. Be2 c5 9. g4 c4 10. g5 Ne8 11. e4 Nb6 12. Bf3 Qc7 13. Qg3 Qxg3 14. hxg3 Nc7
15. Bg2 f6 16. gxf6 Rxf6 17. f4 Bd7 18. Nge2 a5 19. Rh2 h6 20. g4 Bc6 21. Rdh1
Kf7 22. Kd2 Ke7 23. e5 Rff8 24. Ke3 Na4 25. Nxa4 Bxa4 26. b3 Bb5 27. Bh3 a4 28.
b4 Bd7 29. Rf2 Na6 30. c3 Nc7 31. f5 Rf7 32. Rhf1 Rh8 33. Nf4 Kd8 34. fxe6 Rxf4
35. exd7 Rxf2 36. Rxf2 Ke7 37. Rf5 Ne6 38. Bg2 Nc7 39. Bf3 b5 40. Kf2 Ke6 41.
Kg3 Na6 42. Kh4 Nb8 43. Kh5 Nxd7 44. Kg6 1-0

[Event "Mario Desautels mem."]
[Site "Gatineau CAN"]
[Date "2019.12.03"]
[Round "2"]
[White "Lecorre, Joel"]
[Black "Desjardins, Michel"]
[Result "0-1"]
[WhiteElo "1512"]
[BlackElo "1908"]
[PlyCount "88"]
[EventDate "2019.12.17"]
[EventType "swiss"]
[EventRounds "5"]
[EventCountry "CAN"]

1. e4 d5 2. exd5 Qxd5 3. Nc3 Qd6 4. d4 Nf6 5. Nf3 g6 6. h3 a6 7. Bd3 Nbd7 8.
O-O Bg7 9. Ne4 Nxe4 10. Bxe4 Nf6 11. Bd3 b5 12. c3 Bb7 13. Re1 O-O 14. Bg5 c5
15. dxc5 Qxc5 16. Re5 Qc7 17. Re1 Rfd8 18. Qe2 Qc5 19. Bxf6 Bxf6 20. Be4 Bd5
21. Bxd5 Qxd5 22. Red1 Qc5 23. Rd2 Rxd2 24. Qxd2 a5 25. Rd1 b4 26. cxb4 axb4
27. Ra1 Qc4 28. Rc1 Qxa2 29. Qxb4 Qxb2 30. Qc4 Ra2 31. Qc5 Qxc1+ 32. Qxc1 Ra1
33. Qxa1 Bxa1 34. Kf1 e5 35. Nd2 f5 36. Ke2 Kf7 37. f3 Ke6 38. Kd3 Kd5 39. Ke3
Bc3 40. Kd3 Bxd2 41. Kxd2 Kd4 42. Ke2 e4 43. f4 e3 44. g3 Ke4 0-1

[Event "Mario Desautels mem."]
[Site "Gatineau CAN"]
[Date "2019.12.03"]
[Round "2"]
[White "Raymond, Daniel"]
[Black "Bastien, Andre"]
[Result "1-0"]
[WhiteElo "1858"]
[BlackElo "1761"]
[PlyCount "89"]
[EventDate "2019.12.17"]
[EventType "swiss"]
[EventRounds "5"]
[EventCountry "CAN"]

1. e4 c5 2. Nf3 e6 3. d4 cxd4 4. Nxd4 Nf6 5. Nc3 a6 6. a3 d6 7. Be2 Be7 8. O-O
Qc7 9. Kh1 Nc6 10. f4 Bd7 11. Nb3 b5 12. Bf3 Rc8 13. Be3 b4 14. axb4 Nxb4 15.
Qd2 Bc6 16. Nd4 Bb7 17. Ra4 Nc6 18. Rc4 Qa5 19. Nb3 Qc7 20. Rd1 Nd7 21. Qf2 O-O
22. Nd4 Qb8 23. Nb3 Rfe8 24. g4 Bf8 25. g5 Ne7 26. Rcd4 Nc6 27. R4d2 Qc7 28.
Nc1 Na5 29. Rd4 Nc4 30. N1e2 Nxe3 31. Qxe3 Qc5 32. R4d3 Qa5 33. R3d2 Nb6 34. b3
Rc7 35. Nb1 d5 36. exd5 Nxd5 37. Bxd5 Bc5 38. Qe4 exd5 39. Qxe8+ Bf8 40. Nd4
Re7 41. Qa4 Qc7 42. Rf2 Re4 43. Rdf1 g6 44. Nd2 Bc6 45. Qxc6 1-0

[Event "Mario Desautels mem."]
[Site "Gatineau CAN"]
[Date "2019.12.03"]
[Round "2"]
[White "Rioux, Jocelyn"]
[Black "Villeneuve, Denis"]
[Result "0-1"]
[WhiteElo "1620"]
[BlackElo "1465"]
[PlyCount "82"]
[EventDate "2019.12.17"]
[EventType "swiss"]
[EventRounds "5"]
[EventCountry "CAN"]

1. e4 c5 2. Nf3 d6 3. c3 Nf6 4. Bb5+ Nc6 5. e5 dxe5 6. Nxe5 Bd7 7. Bxc6 bxc6 8.
Nxd7 Qxd7 9. O-O Qd3 10. Qa4 Qb5 11. Qc2 e6 12. c4 Qb7 13. d3 Be7 14. Be3 O-O
15. Nc3 Ng4 16. Bf4 e5 17. Bg3 f6 18. Nd1 Nh6 19. Ne3 Bd6 20. Rab1 Qc7 21. f3
f5 22. Bf2 f4 23. Nd1 Nf5 24. Re1 Nd4 25. Bxd4 cxd4 26. c5 Be7 27. Qc4+ Kh8 28.
Nf2 Bh4 29. Re4 Bxf2+ 30. Kxf2 Rab8 31. b4 Qe7 32. Rbe1 Rf5 33. g3 fxg3+ 34.
hxg3 Qf6 35. f4 Rf8 36. Qc1 h6 37. Rxe5 Rxe5 38. Rxe5 Qxe5 39. Qd2 Qh5 40. Kg2
Re8 41. Kf1 Qh1+ 0-1

[Event "Mario Desautels mem."]
[Site "Gatineau CAN"]
[Date "2019.12.03"]
[Round "2"]
[White "Simard, Paul"]
[Black "Stoilov, Vadym"]
[Result "0-1"]
[WhiteElo "1236"]
[BlackElo "1551"]
[PlyCount "112"]
[EventDate "2019.12.17"]
[EventType "swiss"]
[EventRounds "5"]
[EventCountry "CAN"]

1. d4 d5 2. c4 e6 3. cxd5 exd5 4. Bf4 b6 5. Nf3 Bb7 6. e3 Nf6 7. Bd3 Bd6 8.
Bxd6 Qxd6 9. O-O O-O 10. Nc3 c5 11. Nb5 Qd8 12. dxc5 bxc5 13. b3 a6 14. Na3 Nc6
15. Nc2 Re8 16. Rb1 Ne4 17. Bxe4 Rxe4 18. h3 a5 19. a4 Ba6 20. Re1 Rb8 21. Nd2
Re7 22. Nf3 Nb4 23. Nxb4 Rxb4 24. Qc2 Qd6 25. Ng5 g6 26. f4 f6 27. Nf3 Rbe4 28.
Qc3 Rb4 29. Rbd1 Kf7 30. g4 Reb7 31. Nd2 g5 32. Kg2 gxf4 33. Rf1 Bxf1+ 34. Rxf1
fxe3 35. Qxe3 Re7 36. Qd3 Kg7 37. Rf5 Rd4 38. Qc3 Re2+ 39. Rf2 Rxf2+ 40. Kxf2
Qh2+ 41. Ke3 Qf4+ 42. Ke2 Qh2+ 43. Ke3 Qxd2+ 44. Qxd2 Rxd2 45. Kxd2 Kg6 46. Ke3
f5 47. Kf4 fxg4 48. hxg4 d4 49. Ke4 Kg5 50. Kd5 d3 51. Kxc5 d2 52. b4 axb4 53.
a5 d1=Q 54. a6 Qa4 55. Kb6 b3 56. a7 b2 0-1

[Event "Mario Desautels mem."]
[Site "Gatineau CAN"]
[Date "2019.12.10"]
[Round "3"]
[White "Arcand, Pierre"]
[Black "Desjardins, Michel"]
[Result "0-1"]
[WhiteElo "1153"]
[BlackElo "1908"]
[PlyCount "50"]
[EventDate "2019.12.17"]
[EventType "swiss"]
[EventRounds "5"]
[EventCountry "CAN"]

1. e4 d5 2. exd5 Qxd5 3. h3 Nf6 4. Nc3 Qd6 5. Nf3 a6 6. Be2 b5 7. d3 Bb7 8. O-O
g6 9. Bd2 Bg7 10. Qc1 O-O 11. Bh6 Nbd7 12. Bxg7 Kxg7 13. Rd1 Rab8 14. Ne4 Qc6
15. Nxf6 Nxf6 16. c3 e5 17. Qg5 h6 18. Qg3 Rfe8 19. Bf1 Nh5 20. Qh2 Qf6 21. Ne1
c5 22. g3 Rbd8 23. Bg2 Re7 24. Bxb7 Rxb7 25. Nf3 Qxf3 0-1

[Event "Mario Desautels mem."]
[Site "Gatineau CAN"]
[Date "2019.12.10"]
[Round "3"]
[White "Labelle, Raymond"]
[Black "Rioux, Jocelyn"]
[Result "0-1"]
[WhiteElo "1606"]
[BlackElo "1620"]
[PlyCount "44"]
[EventDate "2019.12.17"]
[EventType "swiss"]
[EventRounds "5"]
[EventCountry "CAN"]

1. e4 d5 2. exd5 Qxd5 3. Nc3 Qa5 4. Be2 Nf6 5. Nf3 Bf5 6. O-O e6 7. Nh4 c6 8.
Nxf5 exf5 9. Re1 Be7 10. Bf1 Qd8 11. Qe2 Nbd7 12. b3 Nc5 13. Ba3 Ne6 14. Bb2
O-O 15. Rad1 Re8 16. d3 Qc7 17. Qd2 Ng4 18. g3 Bc5 19. Re2 Nd4 20. Rxe8+ Rxe8
21. Re1 Rxe1 22. Qxe1 Nf3+ 0-1

[Event "Mario Desautels mem."]
[Site "Gatineau CAN"]
[Date "2019.12.10"]
[Round "3"]
[White "Villeneuve, Denis"]
[Black "Latreille, Etienne"]
[Result "0-1"]
[WhiteElo "1465"]
[BlackElo "1751"]
[PlyCount "66"]
[EventDate "2019.12.17"]
[EventType "swiss"]
[EventRounds "5"]
[EventCountry "CAN"]

1. e4 d5 2. d4 c6 3. Nc3 g6 4. Nf3 Bg4 5. Be2 Bg7 6. Be3 e6 7. O-O Ne7 8. h3
Bxf3 9. Bxf3 O-O 10. Re1 Nd7 11. Qd2 Nb6 12. b3 Re8 13. Bg5 dxe4 14. Nxe4 Qxd4
15. Qxd4 Bxd4 16. Rad1 Be5 17. Bf6 Bc7 18. c4 Kf8 19. Nc5 Ng8 20. Bb2 Rab8 21.
a4 a5 22. Nxb7 Rxb7 23. Bxc6 Rbb8 24. Bxe8 Kxe8 25. Rd3 Nxa4 26. Ba3 Nb6 27.
Red1 Ne7 28. Ra1 Be5 29. Rad1 Nc6 30. Bc5 Nb4 31. Re3 Nd7 32. Bd4 Bxd4 33. Rxd4
Nc2 0-1

[Event "Mario Desautels mem."]
[Site "Gatineau CAN"]
[Date "2019.12.10"]
[Round "3"]
[White "Zhao, Richie"]
[Black "Jobin, Gilles G"]
[Result "0-1"]
[WhiteElo "1271"]
[BlackElo "1715"]
[PlyCount "52"]
[EventDate "2019.12.17"]
[EventType "swiss"]
[EventRounds "5"]
[EventCountry "CAN"]

1. e4 d6 2. d4 Nf6 3. Nc3 Nbd7 4. Bc4 e5 5. Nf3 Nb6 6. Bb3 exd4 7. Qxd4 Be6 8.
Bxe6 fxe6 9. Bg5 Be7 10. e5 dxe5 11. Qxe5 Qd6 12. Qe3 Nbd5 13. Nxd5 Nxd5 14.
Qd2 O-O-O 15. Bxe7 Qxe7 16. Qa5 Qb4+ 17. Qxb4 Nxb4 18. c3 Nc2+ 19. Ke2 Nxa1 20.
Rxa1 Rd5 21. Nd4 c5 22. Nb5 a6 23. Na3 Rhd8 24. b4 Rd2+ 25. Ke3 R2d3+ 26. Ke2
Rxc3 0-1

[Event "Mario Desautels mem."]
[Site "Gatineau CAN"]
[Date "2019.12.17"]
[Round "4"]
[White "Desjardins, Michel"]
[Black "Raymond, Daniel"]
[Result "1-0"]
[WhiteElo "1908"]
[BlackElo "1858"]
[PlyCount "129"]
[EventDate "2019.12.17"]
[EventType "swiss"]
[EventRounds "5"]
[EventCountry "CAN"]

1. e4 c5 2. c3 d5 3. exd5 Qxd5 4. d4 Nf6 5. Nf3 e6 6. Na3 Qd8 7. Bf4 Be7 8. Nb5
Nd5 9. Be5 f6 10. Bg3 a6 11. Na3 O-O 12. Nc2 Nc6 13. Bd3 cxd4 14. Nfxd4 Bd7 15.
O-O Kh8 16. Re1 Qc8 17. Qe2 Nd8 18. a3 f5 19. c4 Nf6 20. Nxf5 exf5 21. Qxe7 Re8
22. Qb4 Nc6 23. Qb6 Be6 24. Rad1 Nd7 25. Qc7 Qxc7 26. Bxc7 Rac8 27. Bg3 Na5 28.
Ne3 Nb6 29. Nxf5 Naxc4 30. Rb1 g6 31. Nh6 Kg7 32. Bf4 Bd7 33. h3 Nd5 34. Bg5
Ne5 35. Be4 Bc6 36. f4 Nf7 37. Nxf7 Kxf7 38. f5 Nf6 39. fxg6+ hxg6 40. Bxc6
Rxc6 41. Rxe8 Nxe8 42. Re1 Re6 43. Rxe6 Kxe6 44. Kf2 Nd6 45. Bh6 Nf5 46. Bf4
Kd5 47. g4 Nd4 48. h4 Ke4 49. Bg5 Ne6 50. Bh6 Nc5 51. Kg3 Nd3 52. Bg7 Nc5 53.
h5 gxh5 54. gxh5 Kf5 55. h6 Kg6 56. Kf4 Ne6+ 57. Ke5 Nxg7 58. hxg7 Kxg7 59. Kd6
b5 60. Kc6 Kf7 61. Kb6 b4 62. Kxa6 bxa3 63. bxa3 Ke6 64. Kb7 Kd6 65. a4 1-0

[Event "Mario Desautels mem."]
[Site "Gatineau CAN"]
[Date "2019.12.17"]
[Round "4"]
[White "Guimond, Michel"]
[Black "Dupont-Mageau, Nicolas"]
[Result "1/2-1/2"]
[WhiteElo "1944"]
[BlackElo "1599"]
[PlyCount "66"]
[EventDate "2019.12.17"]
[EventType "swiss"]
[EventRounds "5"]
[EventCountry "CAN"]

1. e4 e5 2. Nf3 Nc6 3. Bb5 Nf6 4. d3 Nd4 5. Nxd4 exd4 6. O-O c6 7. Ba4 d5 8. e5
Nd7 9. f4 Nc5 10. Bb3 Be7 11. f5 a5 12. c3 dxc3 13. Nxc3 Nxb3 14. axb3 d4 15.
Ne4 Qd5 16. f6 gxf6 17. exf6 Bd8 18. Qe1 Be6 19. b4 Rg8 20. Bh6 Bc7 21. Bg7 Qh5
22. g3 b6 23. bxa5 Rxa5 24. b4 Rd5 25. Ra8+ Rd8 26. Rxd8+ Kxd8 27. Qa1 Qd5 28.
Qa8+ Bc8 29. Rc1 Kd7 30. Qa4 Bb7 31. Qc2 Ra8 32. Qe2 Qf5 33. Qb2 Qd5 1/2-1/2

[Event "Mario Desautels mem."]
[Site "Gatineau CAN"]
[Date "2019.12.17"]
[Round "4"]
[White "Jobin, Gilles G"]
[Black "Masse-Garneau, Anthony"]
[Result "1-0"]
[WhiteElo "1715"]
[BlackElo "1597"]
[PlyCount "61"]
[EventDate "2019.12.17"]
[EventType "swiss"]
[EventRounds "5"]
[EventCountry "CAN"]

1. e4 c5 2. c3 d5 3. exd5 Qxd5 4. d4 e6 5. Nf3 Nf6 6. Be3 cxd4 7. Nxd4 a6 8.
Nd2 b5 9. Be2 Bb7 10. Bf3 Qd7 11. Bxb7 Qxb7 12. Qf3 Qxf3 13. N2xf3 Bd6 14.
O-O-O Nd5 15. Rhe1 Nxe3 16. fxe3 Ke7 17. e4 Bf4+ 18. Kc2 g6 19. e5 Rc8 20. Re4
Bh6 21. Rh4 Be3 22. Rxh7 Bxd4 23. Rxd4 Nc6 24. Re4 Kf8 25. Rf4 Nd8 26. Rh6 Ke7
27. Rh7 Kf8 28. Ng5 Ra7 29. Rh8+ Ke7 30. Nxf7 Nxf7 31. Rxc8 1-0